| 000 | 00807 a2200241 4500 | ||
|---|---|---|---|
| 001 | 200045858 | ||
| 003 | TR-AnTOB | ||
| 005 | 20240806130212.0 | ||
| 008 | 121105s tu 000 0 | ||
| 020 | _a3027549 | ||
| 040 |
_aTR-AnTOB _cTR-AnTOB _beng _erda |
||
| 041 | _atur | ||
| 050 |
_aDR477 _b.A83 2002 |
||
| 090 | _aDR477. A83 2002 | ||
| 110 | 2 |
_aAtatürk Üniversitesi. _bAtatürk İlkeleri ve İnkılap Tarihi Enstitüsü Müdürlüğü _985178 |
|
| 245 | 0 | 0 |
_aAtatürk dergisi / _cAtatürk Üniversitesi Atatürk İlkeleri ve İnkılap Tarihi Enstitüsü Müdürlüğü. |
| 264 | 1 |
_aErzurum : _bAtatürk Üniversitesi, _c2002. |
|
| 300 |
_a300 p. : _bill. ; _c23 cm. |
||
| 651 | 0 | 0 |
_aTürkiye _xDış ilişkiler _9120441 |
| 651 | 0 |
_aTurkey _xForeign relations _977486 |
|
| 942 |
_cBK _2lcc |
||
| 999 |
_c200045858 _d32852 |
||